Lanean...
Modern painting/
| Egile nagusia: | |
|---|---|
| Formatua: | Printed Book |
| Hizkuntza: | English |
| Argitaratua: |
New York:
Newsweek Books,
c1974.
|
| Gaiak: |
| LEADER | 00511 a2200157 4500 | ||
|---|---|---|---|
| 008 | 150103s9999 000 0 eng | ||
| 020 | |a 0882251147 | ||
| 082 | |a 759.06 | ||
| 100 | |a Picon, Gaeton | ||
| 245 | |a Modern painting/ | ||
| 260 | |a New York: |b Newsweek Books, |c c1974. | ||
| 300 | |a 192 p. | ||
| 650 | |a Modern Painting-arts | ||
| 942 | |c BK | ||
| 999 | |c 303861 |d 303861 | ||
| 952 | |0 0 |1 0 |2 ddc |4 0 |6 759_060000000000000_PIC_MO |7 0 |9 347500 |a DRA |b DRA |c REF |d 2011-04-04 |i 2800 |l 0 |o 759.06 PIC/MO |p DRA2800 |r 2018-08-06 |w 2011-04-04 |y REF | ||